Reporting Heritage Destruction

محفوظ في:

مؤلفون آخرون: Rouhani, Bijan (المحرر), Clack, Timothy (المحرر), Finlayson, Bill (المحرر)

التنسيق: كتاب

منشور في: Oxford Archaeopress Publishing Ltd 2025

الوسوم: إضافة وسم

لا توجد وسوم, كن أول من يضع وسما على هذه التسجيلة!

رقم الطلب:

LEADER 00716namaa2200193 4500
001 9781805830382
003 UkOxAP
005 20260405155018.0
020 |a 9781805830399 
776 1 |x 9781805830382 
245 0 0 |a Reporting Heritage Destruction 
100 1 |a Rouhani, Bijan  |e Editor  |l English 
700 1 |a Clack, Timothy  |e Editor  |l English 
700 1 |a Finlayson, Bill  |e Editor  |l English 
856 4 2 |a http://library.arce.org:8087/Archaeopress/Products/9781805830399 
260 |a Oxford  |b Archaeopress Publishing Ltd  |c 2025 
270 |a Archaeopress Publishing Ltd, Summertown Pavillion, 18 -24 Middle Way, Summertown  |b Oxford  |d United Kingdom  |e OX2 7LG  |k 44-1865-311914  |m info@archaeopress.com 
942 |2 lcc  |c EBOOK 
999 |c 62140  |d 62140